<?xml version="1.0" encoding="UTF-8"?>
<record
    xmlns:xsi="http://www.w3.org/2001/XMLSchema-instance"
    xsi:schemaLocation="http://www.loc.gov/MARC21/slim http://www.loc.gov/standards/marcxml/schema/MARC21slim.xsd"
    xmlns="http://www.loc.gov/MARC21/slim">

  <leader>01228cam a2200325 a 4500</leader>
  <datafield tag="999" ind1=" " ind2=" ">
    <subfield code="c">529184</subfield>
    <subfield code="d">529184</subfield>
  </datafield>
  <controlfield tag="001">16888715</controlfield>
  <controlfield tag="005">20190920155812.0</controlfield>
  <controlfield tag="008">110725s2011    njua     b    001 0 eng  </controlfield>
  <datafield tag="010" ind1=" " ind2=" ">
    <subfield code="a">  2011287100</subfield>
  </datafield>
  <datafield tag="020" ind1=" " ind2=" ">
    <subfield code="a">9780470458365</subfield>
  </datafield>
  <datafield tag="040" ind1=" " ind2=" ">
    <subfield code="a">DLC</subfield>
    <subfield code="c">DLC</subfield>
    <subfield code="d">DLC</subfield>
  </datafield>
  <datafield tag="042" ind1=" " ind2=" ">
    <subfield code="a">pcc</subfield>
  </datafield>
  <datafield tag="050" ind1="0" ind2="0">
    <subfield code="a">QA401</subfield>
    <subfield code="b">.K7 2011</subfield>
  </datafield>
  <datafield tag="082" ind1=" " ind2=" ">
    <subfield code="a">515</subfield>
    <subfield code="b">KRE</subfield>
  </datafield>
  <datafield tag="100" ind1="1" ind2=" ">
    <subfield code="a">Kreyszig, Erwin.</subfield>
    <subfield code="9">572</subfield>
  </datafield>
  <datafield tag="245" ind1="1" ind2="0">
    <subfield code="a">Advanced engineering mathematics /</subfield>
    <subfield code="c">Erwin Kreyszig ; in collaboration with Herbert Kreyszig, Edward J. Norminton.</subfield>
  </datafield>
  <datafield tag="250" ind1=" " ind2=" ">
    <subfield code="a">10th ed.</subfield>
  </datafield>
  <datafield tag="260" ind1=" " ind2=" ">
    <subfield code="a">London :</subfield>
    <subfield code="b">John Wiley,</subfield>
    <subfield code="c">c2011.</subfield>
  </datafield>
  <datafield tag="300" ind1=" " ind2=" ">
    <subfield code="a">1 v. (various pagings) :</subfield>
    <subfield code="b">ill. ;</subfield>
    <subfield code="c">27 cm.</subfield>
  </datafield>
  <datafield tag="504" ind1=" " ind2=" ">
    <subfield code="a">Includes bibliographical references and index.</subfield>
  </datafield>
  <datafield tag="650" ind1=" " ind2="0">
    <subfield code="a">Mathematical physics.</subfield>
    <subfield code="9">8499</subfield>
  </datafield>
  <datafield tag="650" ind1=" " ind2="0">
    <subfield code="a">Engineering mathematics.</subfield>
    <subfield code="9">2310</subfield>
  </datafield>
  <datafield tag="700" ind1="1" ind2=" ">
    <subfield code="a">Kreyszig, Herbert.</subfield>
    <subfield code="9">18043</subfield>
  </datafield>
  <datafield tag="700" ind1="1" ind2=" ">
    <subfield code="a">Norminton, E. J.</subfield>
    <subfield code="q">(Edward J.)</subfield>
    <subfield code="9">18044</subfield>
  </datafield>
  <datafield tag="856" ind1="4" ind2="2">
    <subfield code="3">Publisher description</subfield>
    <subfield code="u">http://www.loc.gov/catdir/enhancements/fy1114/2011287100-d.html</subfield>
  </datafield>
  <datafield tag="856" ind1="4" ind2="1">
    <subfield code="3">Table of contents only</subfield>
    <subfield code="u">http://www.loc.gov/catdir/enhancements/fy1114/2011287100-t.html</subfield>
  </datafield>
  <datafield tag="906" ind1=" " ind2=" ">
    <subfield code="a">7</subfield>
    <subfield code="b">cbc</subfield>
    <subfield code="c">origcop</subfield>
    <subfield code="d">2</subfield>
    <subfield code="e">ocip</subfield>
    <subfield code="f">20</subfield>
    <subfield code="g">y-gencatlg</subfield>
  </datafield>
  <datafield tag="942" ind1=" " ind2=" ">
    <subfield code="2">ddc</subfield>
    <subfield code="c">BK</subfield>
  </datafield>
  <datafield tag="952" ind1=" " ind2=" ">
    <subfield code="0">0</subfield>
    <subfield code="1">0</subfield>
    <subfield code="2">ddc</subfield>
    <subfield code="4">0</subfield>
    <subfield code="7">0</subfield>
    <subfield code="a">NIT</subfield>
    <subfield code="b">NIT</subfield>
    <subfield code="d">2019-09-20</subfield>
    <subfield code="l">2</subfield>
    <subfield code="o">515 KRE</subfield>
    <subfield code="p">NIT-BB1141</subfield>
    <subfield code="r">2022-07-19</subfield>
    <subfield code="s">2022-03-31</subfield>
    <subfield code="w">2019-09-20</subfield>
    <subfield code="y">BK</subfield>
  </datafield>
  <datafield tag="952" ind1=" " ind2=" ">
    <subfield code="0">0</subfield>
    <subfield code="1">0</subfield>
    <subfield code="2">ddc</subfield>
    <subfield code="4">0</subfield>
    <subfield code="7">0</subfield>
    <subfield code="a">NIT</subfield>
    <subfield code="b">NIT</subfield>
    <subfield code="d">2019-09-20</subfield>
    <subfield code="l">1</subfield>
    <subfield code="o">515 KRE</subfield>
    <subfield code="p">NIT-BB1142</subfield>
    <subfield code="r">2024-05-29</subfield>
    <subfield code="s">2024-01-30</subfield>
    <subfield code="w">2019-09-20</subfield>
    <subfield code="y">BK</subfield>
  </datafield>
  <datafield tag="952" ind1=" " ind2=" ">
    <subfield code="0">0</subfield>
    <subfield code="1">0</subfield>
    <subfield code="2">ddc</subfield>
    <subfield code="4">0</subfield>
    <subfield code="7">0</subfield>
    <subfield code="a">NIT</subfield>
    <subfield code="b">NIT</subfield>
    <subfield code="d">2019-09-20</subfield>
    <subfield code="l">1</subfield>
    <subfield code="m">1</subfield>
    <subfield code="o">515 KRE</subfield>
    <subfield code="p">NIT-BB1143</subfield>
    <subfield code="r">2024-05-27</subfield>
    <subfield code="s">2024-02-01</subfield>
    <subfield code="w">2019-09-20</subfield>
    <subfield code="y">BK</subfield>
  </datafield>
  <datafield tag="952" ind1=" " ind2=" ">
    <subfield code="0">0</subfield>
    <subfield code="1">0</subfield>
    <subfield code="2">ddc</subfield>
    <subfield code="4">0</subfield>
    <subfield code="7">0</subfield>
    <subfield code="a">NIT</subfield>
    <subfield code="b">NIT</subfield>
    <subfield code="d">2019-09-20</subfield>
    <subfield code="l">2</subfield>
    <subfield code="o">515 KRE</subfield>
    <subfield code="p">NIT-BB1144</subfield>
    <subfield code="r">2024-06-03</subfield>
    <subfield code="s">2024-02-21</subfield>
    <subfield code="w">2019-09-20</subfield>
    <subfield code="y">BK</subfield>
  </datafield>
  <datafield tag="952" ind1=" " ind2=" ">
    <subfield code="0">0</subfield>
    <subfield code="1">0</subfield>
    <subfield code="2">ddc</subfield>
    <subfield code="4">0</subfield>
    <subfield code="7">0</subfield>
    <subfield code="a">NIT</subfield>
    <subfield code="b">NIT</subfield>
    <subfield code="d">2019-09-20</subfield>
    <subfield code="l">4</subfield>
    <subfield code="o">515 KRE</subfield>
    <subfield code="p">NIT-BB1145</subfield>
    <subfield code="r">2024-05-28</subfield>
    <subfield code="s">2024-01-31</subfield>
    <subfield code="w">2019-09-20</subfield>
    <subfield code="y">BK</subfield>
  </datafield>
  <datafield tag="952" ind1=" " ind2=" ">
    <subfield code="0">0</subfield>
    <subfield code="1">0</subfield>
    <subfield code="2">ddc</subfield>
    <subfield code="4">0</subfield>
    <subfield code="7">0</subfield>
    <subfield code="a">NIT</subfield>
    <subfield code="b">NIT</subfield>
    <subfield code="d">2019-09-20</subfield>
    <subfield code="l">2</subfield>
    <subfield code="o">515 KRE</subfield>
    <subfield code="p">NIT-BB1146</subfield>
    <subfield code="r">2023-06-01</subfield>
    <subfield code="s">2023-02-13</subfield>
    <subfield code="w">2019-09-20</subfield>
    <subfield code="y">BK</subfield>
  </datafield>
  <datafield tag="952" ind1=" " ind2=" ">
    <subfield code="0">0</subfield>
    <subfield code="1">0</subfield>
    <subfield code="2">ddc</subfield>
    <subfield code="4">0</subfield>
    <subfield code="7">0</subfield>
    <subfield code="a">NIT</subfield>
    <subfield code="b">NIT</subfield>
    <subfield code="d">2019-09-20</subfield>
    <subfield code="l">1</subfield>
    <subfield code="o">515 KRE</subfield>
    <subfield code="p">NIT-BB1147</subfield>
    <subfield code="r">2024-05-31</subfield>
    <subfield code="s">2024-05-03</subfield>
    <subfield code="w">2019-09-20</subfield>
    <subfield code="y">BK</subfield>
  </datafield>
  <datafield tag="952" ind1=" " ind2=" ">
    <subfield code="0">0</subfield>
    <subfield code="1">0</subfield>
    <subfield code="2">ddc</subfield>
    <subfield code="4">0</subfield>
    <subfield code="7">0</subfield>
    <subfield code="a">NIT</subfield>
    <subfield code="b">NIT</subfield>
    <subfield code="d">2019-09-20</subfield>
    <subfield code="l">5</subfield>
    <subfield code="m">2</subfield>
    <subfield code="o">515 KRE</subfield>
    <subfield code="p">NIT-BB1148</subfield>
    <subfield code="r">2023-05-29</subfield>
    <subfield code="s">2023-01-31</subfield>
    <subfield code="w">2019-09-20</subfield>
    <subfield code="y">BK</subfield>
  </datafield>
  <datafield tag="952" ind1=" " ind2=" ">
    <subfield code="0">0</subfield>
    <subfield code="1">0</subfield>
    <subfield code="2">ddc</subfield>
    <subfield code="4">0</subfield>
    <subfield code="7">0</subfield>
    <subfield code="a">NIT</subfield>
    <subfield code="b">NIT</subfield>
    <subfield code="d">2019-09-20</subfield>
    <subfield code="l">4</subfield>
    <subfield code="o">515 KRE</subfield>
    <subfield code="p">NIT-BB1149</subfield>
    <subfield code="r">2024-05-31</subfield>
    <subfield code="s">2024-03-12</subfield>
    <subfield code="w">2019-09-20</subfield>
    <subfield code="y">BK</subfield>
  </datafield>
  <datafield tag="952" ind1=" " ind2=" ">
    <subfield code="0">0</subfield>
    <subfield code="1">0</subfield>
    <subfield code="2">ddc</subfield>
    <subfield code="4">0</subfield>
    <subfield code="7">0</subfield>
    <subfield code="a">NIT</subfield>
    <subfield code="b">NIT</subfield>
    <subfield code="d">2019-09-20</subfield>
    <subfield code="l">0</subfield>
    <subfield code="o">515 KRE</subfield>
    <subfield code="p">NIT-BB1150</subfield>
    <subfield code="r">2019-09-20</subfield>
    <subfield code="w">2019-09-20</subfield>
    <subfield code="y">BK</subfield>
  </datafield>
  <datafield tag="952" ind1=" " ind2=" ">
    <subfield code="0">0</subfield>
    <subfield code="1">0</subfield>
    <subfield code="2">ddc</subfield>
    <subfield code="4">0</subfield>
    <subfield code="7">0</subfield>
    <subfield code="a">NIT</subfield>
    <subfield code="b">NIT</subfield>
    <subfield code="d">2019-09-20</subfield>
    <subfield code="l">0</subfield>
    <subfield code="o">515 KRE</subfield>
    <subfield code="p">NIT-BB1151</subfield>
    <subfield code="r">2019-09-20</subfield>
    <subfield code="w">2019-09-20</subfield>
    <subfield code="y">BK</subfield>
  </datafield>
  <datafield tag="952" ind1=" " ind2=" ">
    <subfield code="0">0</subfield>
    <subfield code="1">0</subfield>
    <subfield code="2">ddc</subfield>
    <subfield code="4">0</subfield>
    <subfield code="7">0</subfield>
    <subfield code="a">NIT</subfield>
    <subfield code="b">NIT</subfield>
    <subfield code="d">2019-09-20</subfield>
    <subfield code="l">0</subfield>
    <subfield code="o">515 KRE</subfield>
    <subfield code="p">NIT-BB1152</subfield>
    <subfield code="r">2019-09-20</subfield>
    <subfield code="w">2019-09-20</subfield>
    <subfield code="y">BK</subfield>
  </datafield>
  <datafield tag="952" ind1=" " ind2=" ">
    <subfield code="0">0</subfield>
    <subfield code="1">0</subfield>
    <subfield code="2">ddc</subfield>
    <subfield code="4">0</subfield>
    <subfield code="7">0</subfield>
    <subfield code="a">NIT</subfield>
    <subfield code="b">NIT</subfield>
    <subfield code="d">2019-09-20</subfield>
    <subfield code="l">0</subfield>
    <subfield code="o">515 KRE</subfield>
    <subfield code="p">NIT-BB1153</subfield>
    <subfield code="r">2019-09-20</subfield>
    <subfield code="w">2019-09-20</subfield>
    <subfield code="y">BK</subfield>
  </datafield>
  <datafield tag="952" ind1=" " ind2=" ">
    <subfield code="0">0</subfield>
    <subfield code="1">0</subfield>
    <subfield code="2">ddc</subfield>
    <subfield code="4">0</subfield>
    <subfield code="7">0</subfield>
    <subfield code="a">NIT</subfield>
    <subfield code="b">NIT</subfield>
    <subfield code="d">2019-09-20</subfield>
    <subfield code="l">2</subfield>
    <subfield code="o">515 KRE</subfield>
    <subfield code="p">NIT-BB1154</subfield>
    <subfield code="r">2021-09-24</subfield>
    <subfield code="s">2021-03-12</subfield>
    <subfield code="w">2019-09-20</subfield>
    <subfield code="y">BK</subfield>
  </datafield>
  <datafield tag="952" ind1=" " ind2=" ">
    <subfield code="0">0</subfield>
    <subfield code="1">0</subfield>
    <subfield code="2">ddc</subfield>
    <subfield code="4">0</subfield>
    <subfield code="7">0</subfield>
    <subfield code="a">NIT</subfield>
    <subfield code="b">NIT</subfield>
    <subfield code="d">2019-09-20</subfield>
    <subfield code="l">3</subfield>
    <subfield code="m">4</subfield>
    <subfield code="o">515 KRE</subfield>
    <subfield code="p">NIT-BB1155</subfield>
    <subfield code="r">2024-06-03</subfield>
    <subfield code="s">2024-01-31</subfield>
    <subfield code="w">2019-09-20</subfield>
    <subfield code="y">BK</subfield>
  </datafield>
  <datafield tag="952" ind1=" " ind2=" ">
    <subfield code="0">0</subfield>
    <subfield code="1">0</subfield>
    <subfield code="2">ddc</subfield>
    <subfield code="4">0</subfield>
    <subfield code="7">0</subfield>
    <subfield code="a">NIT</subfield>
    <subfield code="b">NIT</subfield>
    <subfield code="d">2019-09-20</subfield>
    <subfield code="l">0</subfield>
    <subfield code="o">515 KRE</subfield>
    <subfield code="p">NIT-BB1156</subfield>
    <subfield code="r">2019-09-20</subfield>
    <subfield code="w">2019-09-20</subfield>
    <subfield code="y">BK</subfield>
  </datafield>
  <datafield tag="952" ind1=" " ind2=" ">
    <subfield code="0">0</subfield>
    <subfield code="1">0</subfield>
    <subfield code="2">ddc</subfield>
    <subfield code="4">0</subfield>
    <subfield code="7">0</subfield>
    <subfield code="a">NIT</subfield>
    <subfield code="b">NIT</subfield>
    <subfield code="d">2019-09-20</subfield>
    <subfield code="l">0</subfield>
    <subfield code="o">515 KRE</subfield>
    <subfield code="p">NIT-BB1157</subfield>
    <subfield code="r">2019-09-20</subfield>
    <subfield code="w">2019-09-20</subfield>
    <subfield code="y">BK</subfield>
  </datafield>
  <datafield tag="952" ind1=" " ind2=" ">
    <subfield code="0">0</subfield>
    <subfield code="1">0</subfield>
    <subfield code="2">ddc</subfield>
    <subfield code="4">0</subfield>
    <subfield code="7">0</subfield>
    <subfield code="a">NIT</subfield>
    <subfield code="b">NIT</subfield>
    <subfield code="d">2019-09-20</subfield>
    <subfield code="l">0</subfield>
    <subfield code="o">515 KRE</subfield>
    <subfield code="p">NIT-BB1159</subfield>
    <subfield code="r">2019-09-20</subfield>
    <subfield code="w">2019-09-20</subfield>
    <subfield code="y">BK</subfield>
  </datafield>
  <datafield tag="952" ind1=" " ind2=" ">
    <subfield code="0">0</subfield>
    <subfield code="1">0</subfield>
    <subfield code="2">ddc</subfield>
    <subfield code="4">0</subfield>
    <subfield code="7">0</subfield>
    <subfield code="a">NIT</subfield>
    <subfield code="b">NIT</subfield>
    <subfield code="d">2019-09-20</subfield>
    <subfield code="l">0</subfield>
    <subfield code="o">515 KRE</subfield>
    <subfield code="p">NIT-BB1160</subfield>
    <subfield code="r">2019-09-20</subfield>
    <subfield code="w">2019-09-20</subfield>
    <subfield code="y">BK</subfield>
  </datafield>
  <datafield tag="952" ind1=" " ind2=" ">
    <subfield code="0">0</subfield>
    <subfield code="1">0</subfield>
    <subfield code="2">ddc</subfield>
    <subfield code="4">0</subfield>
    <subfield code="7">0</subfield>
    <subfield code="a">NIT</subfield>
    <subfield code="b">NIT</subfield>
    <subfield code="d">2019-09-20</subfield>
    <subfield code="l">3</subfield>
    <subfield code="o">515 KRE</subfield>
    <subfield code="p">NIT-BB1161</subfield>
    <subfield code="r">2024-05-31</subfield>
    <subfield code="s">2024-03-21</subfield>
    <subfield code="w">2019-09-20</subfield>
    <subfield code="y">BK</subfield>
  </datafield>
  <datafield tag="952" ind1=" " ind2=" ">
    <subfield code="0">0</subfield>
    <subfield code="1">0</subfield>
    <subfield code="2">ddc</subfield>
    <subfield code="4">0</subfield>
    <subfield code="7">0</subfield>
    <subfield code="a">NIT</subfield>
    <subfield code="b">NIT</subfield>
    <subfield code="d">2019-09-20</subfield>
    <subfield code="l">3</subfield>
    <subfield code="o">515 KRE</subfield>
    <subfield code="p">NIT-BB1162</subfield>
    <subfield code="r">2024-05-31</subfield>
    <subfield code="s">2024-02-01</subfield>
    <subfield code="w">2019-09-20</subfield>
    <subfield code="y">BK</subfield>
  </datafield>
  <datafield tag="952" ind1=" " ind2=" ">
    <subfield code="0">0</subfield>
    <subfield code="1">0</subfield>
    <subfield code="2">ddc</subfield>
    <subfield code="4">0</subfield>
    <subfield code="7">0</subfield>
    <subfield code="a">NIT</subfield>
    <subfield code="b">NIT</subfield>
    <subfield code="d">2019-09-20</subfield>
    <subfield code="l">2</subfield>
    <subfield code="o">515 KRE</subfield>
    <subfield code="p">NIT-BB1163</subfield>
    <subfield code="r">2020-10-16</subfield>
    <subfield code="s">2020-01-23</subfield>
    <subfield code="w">2019-09-20</subfield>
    <subfield code="y">BK</subfield>
  </datafield>
  <datafield tag="952" ind1=" " ind2=" ">
    <subfield code="0">0</subfield>
    <subfield code="1">0</subfield>
    <subfield code="2">ddc</subfield>
    <subfield code="4">0</subfield>
    <subfield code="7">0</subfield>
    <subfield code="a">NIT</subfield>
    <subfield code="b">NIT</subfield>
    <subfield code="d">2019-09-20</subfield>
    <subfield code="l">1</subfield>
    <subfield code="o">515 KRE</subfield>
    <subfield code="p">NIT-BB1164</subfield>
    <subfield code="r">2024-05-31</subfield>
    <subfield code="s">2024-04-04</subfield>
    <subfield code="w">2019-09-20</subfield>
    <subfield code="y">BK</subfield>
  </datafield>
  <datafield tag="952" ind1=" " ind2=" ">
    <subfield code="0">0</subfield>
    <subfield code="1">0</subfield>
    <subfield code="2">ddc</subfield>
    <subfield code="4">0</subfield>
    <subfield code="7">0</subfield>
    <subfield code="a">NIT</subfield>
    <subfield code="b">NIT</subfield>
    <subfield code="d">2019-09-20</subfield>
    <subfield code="l">4</subfield>
    <subfield code="o">515 KRE</subfield>
    <subfield code="p">NIT-BB1165</subfield>
    <subfield code="r">2024-05-27</subfield>
    <subfield code="s">2024-02-02</subfield>
    <subfield code="w">2019-09-20</subfield>
    <subfield code="y">BK</subfield>
  </datafield>
  <datafield tag="952" ind1=" " ind2=" ">
    <subfield code="0">0</subfield>
    <subfield code="1">0</subfield>
    <subfield code="2">ddc</subfield>
    <subfield code="4">0</subfield>
    <subfield code="7">0</subfield>
    <subfield code="a">NIT</subfield>
    <subfield code="b">NIT</subfield>
    <subfield code="d">2019-09-20</subfield>
    <subfield code="l">4</subfield>
    <subfield code="m">3</subfield>
    <subfield code="o">515 KRE</subfield>
    <subfield code="p">NIT-BB1166</subfield>
    <subfield code="r">2024-05-27</subfield>
    <subfield code="s">2024-02-01</subfield>
    <subfield code="w">2019-09-20</subfield>
    <subfield code="y">BK</subfield>
  </datafield>
  <datafield tag="952" ind1=" " ind2=" ">
    <subfield code="0">0</subfield>
    <subfield code="1">0</subfield>
    <subfield code="2">ddc</subfield>
    <subfield code="4">0</subfield>
    <subfield code="7">0</subfield>
    <subfield code="a">NIT</subfield>
    <subfield code="b">NIT</subfield>
    <subfield code="d">2019-09-20</subfield>
    <subfield code="l">4</subfield>
    <subfield code="o">515 KRE</subfield>
    <subfield code="p">NIT-BB1167</subfield>
    <subfield code="q">2026-02-22</subfield>
    <subfield code="r">2026-01-23</subfield>
    <subfield code="s">2026-01-23</subfield>
    <subfield code="w">2019-09-20</subfield>
    <subfield code="y">BK</subfield>
  </datafield>
  <datafield tag="952" ind1=" " ind2=" ">
    <subfield code="0">0</subfield>
    <subfield code="1">0</subfield>
    <subfield code="2">ddc</subfield>
    <subfield code="4">0</subfield>
    <subfield code="7">0</subfield>
    <subfield code="a">NIT</subfield>
    <subfield code="b">NIT</subfield>
    <subfield code="d">2019-09-20</subfield>
    <subfield code="l">2</subfield>
    <subfield code="o">515 KRE</subfield>
    <subfield code="p">NIT-BB1168</subfield>
    <subfield code="r">2021-10-14</subfield>
    <subfield code="s">2021-03-09</subfield>
    <subfield code="w">2019-09-20</subfield>
    <subfield code="y">BK</subfield>
  </datafield>
  <datafield tag="952" ind1=" " ind2=" ">
    <subfield code="0">0</subfield>
    <subfield code="1">0</subfield>
    <subfield code="2">ddc</subfield>
    <subfield code="4">0</subfield>
    <subfield code="7">0</subfield>
    <subfield code="a">NIT</subfield>
    <subfield code="b">NIT</subfield>
    <subfield code="d">2019-09-20</subfield>
    <subfield code="l">2</subfield>
    <subfield code="o">515 KRE</subfield>
    <subfield code="p">NIT-BB1169</subfield>
    <subfield code="r">2022-07-21</subfield>
    <subfield code="s">2022-04-25</subfield>
    <subfield code="w">2019-09-20</subfield>
    <subfield code="y">BK</subfield>
  </datafield>
  <datafield tag="952" ind1=" " ind2=" ">
    <subfield code="0">0</subfield>
    <subfield code="1">0</subfield>
    <subfield code="2">ddc</subfield>
    <subfield code="4">0</subfield>
    <subfield code="7">0</subfield>
    <subfield code="a">NIT</subfield>
    <subfield code="b">NIT</subfield>
    <subfield code="d">2019-09-20</subfield>
    <subfield code="l">0</subfield>
    <subfield code="o">515 KRE</subfield>
    <subfield code="p">NIT-BB1170</subfield>
    <subfield code="r">2019-09-20</subfield>
    <subfield code="w">2019-09-20</subfield>
    <subfield code="y">BK</subfield>
  </datafield>
  <datafield tag="952" ind1=" " ind2=" ">
    <subfield code="0">0</subfield>
    <subfield code="1">0</subfield>
    <subfield code="2">ddc</subfield>
    <subfield code="4">0</subfield>
    <subfield code="7">0</subfield>
    <subfield code="a">NIT</subfield>
    <subfield code="b">NIT</subfield>
    <subfield code="d">2019-09-20</subfield>
    <subfield code="l">1</subfield>
    <subfield code="o">515 KRE</subfield>
    <subfield code="p">NIT-BB1171</subfield>
    <subfield code="r">2023-05-25</subfield>
    <subfield code="s">2020-02-07</subfield>
    <subfield code="w">2019-09-20</subfield>
    <subfield code="y">BK</subfield>
  </datafield>
  <datafield tag="952" ind1=" " ind2=" ">
    <subfield code="0">0</subfield>
    <subfield code="1">0</subfield>
    <subfield code="2">ddc</subfield>
    <subfield code="4">0</subfield>
    <subfield code="7">0</subfield>
    <subfield code="a">NIT</subfield>
    <subfield code="b">NIT</subfield>
    <subfield code="d">2019-09-20</subfield>
    <subfield code="l">2</subfield>
    <subfield code="o">515 KRE</subfield>
    <subfield code="p">NIT-BB1172</subfield>
    <subfield code="r">2021-06-30</subfield>
    <subfield code="s">2021-03-02</subfield>
    <subfield code="w">2019-09-20</subfield>
    <subfield code="y">BK</subfield>
  </datafield>
  <datafield tag="952" ind1=" " ind2=" ">
    <subfield code="0">0</subfield>
    <subfield code="1">0</subfield>
    <subfield code="2">ddc</subfield>
    <subfield code="4">0</subfield>
    <subfield code="7">0</subfield>
    <subfield code="a">NIT</subfield>
    <subfield code="b">NIT</subfield>
    <subfield code="d">2019-09-20</subfield>
    <subfield code="l">2</subfield>
    <subfield code="m">3</subfield>
    <subfield code="o">515 KRE</subfield>
    <subfield code="p">NIT-BB1173</subfield>
    <subfield code="r">2021-07-01</subfield>
    <subfield code="s">2021-03-03</subfield>
    <subfield code="w">2019-09-20</subfield>
    <subfield code="y">BK</subfield>
  </datafield>
  <datafield tag="952" ind1=" " ind2=" ">
    <subfield code="0">0</subfield>
    <subfield code="1">0</subfield>
    <subfield code="2">ddc</subfield>
    <subfield code="4">0</subfield>
    <subfield code="7">0</subfield>
    <subfield code="a">NIT</subfield>
    <subfield code="b">NIT</subfield>
    <subfield code="d">2019-09-20</subfield>
    <subfield code="l">1</subfield>
    <subfield code="o">515 KRE</subfield>
    <subfield code="p">NIT-BB1174</subfield>
    <subfield code="r">2025-01-10</subfield>
    <subfield code="s">2024-03-19</subfield>
    <subfield code="w">2019-09-20</subfield>
    <subfield code="y">BK</subfield>
  </datafield>
  <datafield tag="952" ind1=" " ind2=" ">
    <subfield code="0">0</subfield>
    <subfield code="1">0</subfield>
    <subfield code="2">ddc</subfield>
    <subfield code="4">0</subfield>
    <subfield code="7">0</subfield>
    <subfield code="a">NIT</subfield>
    <subfield code="b">NIT</subfield>
    <subfield code="d">2019-09-20</subfield>
    <subfield code="l">2</subfield>
    <subfield code="o">515 KRE</subfield>
    <subfield code="p">NIT-BB1175</subfield>
    <subfield code="r">2023-05-29</subfield>
    <subfield code="s">2023-02-03</subfield>
    <subfield code="w">2019-09-20</subfield>
    <subfield code="y">BK</subfield>
  </datafield>
  <datafield tag="952" ind1=" " ind2=" ">
    <subfield code="0">0</subfield>
    <subfield code="1">0</subfield>
    <subfield code="2">ddc</subfield>
    <subfield code="4">0</subfield>
    <subfield code="7">0</subfield>
    <subfield code="a">NIT</subfield>
    <subfield code="b">NIT</subfield>
    <subfield code="d">2019-09-20</subfield>
    <subfield code="l">2</subfield>
    <subfield code="m">1</subfield>
    <subfield code="o">515 KRE</subfield>
    <subfield code="p">NIT-BB1176</subfield>
    <subfield code="r">2021-07-02</subfield>
    <subfield code="s">2021-03-04</subfield>
    <subfield code="w">2019-09-20</subfield>
    <subfield code="y">BK</subfield>
  </datafield>
  <datafield tag="952" ind1=" " ind2=" ">
    <subfield code="0">0</subfield>
    <subfield code="1">0</subfield>
    <subfield code="2">ddc</subfield>
    <subfield code="4">0</subfield>
    <subfield code="7">0</subfield>
    <subfield code="a">NIT</subfield>
    <subfield code="b">NIT</subfield>
    <subfield code="d">2019-09-20</subfield>
    <subfield code="l">2</subfield>
    <subfield code="o">515 KRE</subfield>
    <subfield code="p">NIT-BB1177</subfield>
    <subfield code="q">2026-02-25</subfield>
    <subfield code="r">2026-01-26</subfield>
    <subfield code="s">2026-01-26</subfield>
    <subfield code="w">2019-09-20</subfield>
    <subfield code="y">BK</subfield>
  </datafield>
  <datafield tag="952" ind1=" " ind2=" ">
    <subfield code="0">0</subfield>
    <subfield code="1">0</subfield>
    <subfield code="2">ddc</subfield>
    <subfield code="4">0</subfield>
    <subfield code="7">0</subfield>
    <subfield code="a">NIT</subfield>
    <subfield code="b">NIT</subfield>
    <subfield code="d">2019-09-20</subfield>
    <subfield code="l">1</subfield>
    <subfield code="o">515 KRE</subfield>
    <subfield code="p">NIT-BB1178</subfield>
    <subfield code="r">2020-01-02</subfield>
    <subfield code="s">2019-09-27</subfield>
    <subfield code="w">2019-09-20</subfield>
    <subfield code="y">BK</subfield>
  </datafield>
  <datafield tag="952" ind1=" " ind2=" ">
    <subfield code="0">0</subfield>
    <subfield code="1">0</subfield>
    <subfield code="2">ddc</subfield>
    <subfield code="4">0</subfield>
    <subfield code="7">0</subfield>
    <subfield code="a">NIT</subfield>
    <subfield code="b">NIT</subfield>
    <subfield code="d">2019-09-20</subfield>
    <subfield code="l">2</subfield>
    <subfield code="m">3</subfield>
    <subfield code="o">515 KRE</subfield>
    <subfield code="p">NIT-BB1180</subfield>
    <subfield code="r">2024-05-27</subfield>
    <subfield code="s">2024-02-01</subfield>
    <subfield code="w">2019-09-20</subfield>
    <subfield code="y">BK</subfield>
  </datafield>
  <datafield tag="952" ind1=" " ind2=" ">
    <subfield code="0">0</subfield>
    <subfield code="1">0</subfield>
    <subfield code="2">ddc</subfield>
    <subfield code="4">0</subfield>
    <subfield code="7">0</subfield>
    <subfield code="a">NIT</subfield>
    <subfield code="b">NIT</subfield>
    <subfield code="d">2019-09-20</subfield>
    <subfield code="l">0</subfield>
    <subfield code="o">515 KRE</subfield>
    <subfield code="p">NIT-BB1182</subfield>
    <subfield code="r">2019-09-20</subfield>
    <subfield code="w">2019-09-20</subfield>
    <subfield code="y">BK</subfield>
  </datafield>
  <datafield tag="952" ind1=" " ind2=" ">
    <subfield code="0">0</subfield>
    <subfield code="1">0</subfield>
    <subfield code="2">ddc</subfield>
    <subfield code="4">0</subfield>
    <subfield code="7">0</subfield>
    <subfield code="a">NIT</subfield>
    <subfield code="b">NIT</subfield>
    <subfield code="d">2019-09-20</subfield>
    <subfield code="l">3</subfield>
    <subfield code="o">515 KRE</subfield>
    <subfield code="p">NIT-BB1183</subfield>
    <subfield code="r">2023-09-15</subfield>
    <subfield code="s">2023-02-08</subfield>
    <subfield code="w">2019-09-20</subfield>
    <subfield code="y">BK</subfield>
  </datafield>
  <datafield tag="952" ind1=" " ind2=" ">
    <subfield code="0">0</subfield>
    <subfield code="1">0</subfield>
    <subfield code="2">ddc</subfield>
    <subfield code="4">0</subfield>
    <subfield code="7">0</subfield>
    <subfield code="a">NIT</subfield>
    <subfield code="b">NIT</subfield>
    <subfield code="d">2019-09-20</subfield>
    <subfield code="l">3</subfield>
    <subfield code="o">515 KRE</subfield>
    <subfield code="p">NIT-BB1184</subfield>
    <subfield code="r">2024-05-31</subfield>
    <subfield code="s">2024-02-01</subfield>
    <subfield code="w">2019-09-20</subfield>
    <subfield code="y">BK</subfield>
  </datafield>
  <datafield tag="952" ind1=" " ind2=" ">
    <subfield code="0">0</subfield>
    <subfield code="1">0</subfield>
    <subfield code="2">ddc</subfield>
    <subfield code="4">0</subfield>
    <subfield code="7">0</subfield>
    <subfield code="a">NIT</subfield>
    <subfield code="b">NIT</subfield>
    <subfield code="d">2019-09-20</subfield>
    <subfield code="l">2</subfield>
    <subfield code="m">1</subfield>
    <subfield code="o">515 KRE</subfield>
    <subfield code="p">NIT-BB1185</subfield>
    <subfield code="r">2022-07-25</subfield>
    <subfield code="s">2022-03-29</subfield>
    <subfield code="w">2019-09-20</subfield>
    <subfield code="y">BK</subfield>
  </datafield>
  <datafield tag="952" ind1=" " ind2=" ">
    <subfield code="0">0</subfield>
    <subfield code="1">0</subfield>
    <subfield code="2">ddc</subfield>
    <subfield code="4">0</subfield>
    <subfield code="7">0</subfield>
    <subfield code="a">NIT</subfield>
    <subfield code="b">NIT</subfield>
    <subfield code="d">2019-09-20</subfield>
    <subfield code="l">1</subfield>
    <subfield code="m">3</subfield>
    <subfield code="o">515 KRE</subfield>
    <subfield code="p">NIT-BB1186</subfield>
    <subfield code="r">2021-07-01</subfield>
    <subfield code="s">2021-03-01</subfield>
    <subfield code="w">2019-09-20</subfield>
    <subfield code="y">BK</subfield>
  </datafield>
  <datafield tag="952" ind1=" " ind2=" ">
    <subfield code="0">0</subfield>
    <subfield code="1">0</subfield>
    <subfield code="2">ddc</subfield>
    <subfield code="4">0</subfield>
    <subfield code="7">0</subfield>
    <subfield code="a">NIT</subfield>
    <subfield code="b">NIT</subfield>
    <subfield code="d">2019-09-20</subfield>
    <subfield code="l">2</subfield>
    <subfield code="m">5</subfield>
    <subfield code="o">515 KRE</subfield>
    <subfield code="p">NIT-BB1187</subfield>
    <subfield code="r">2022-07-26</subfield>
    <subfield code="s">2022-04-14</subfield>
    <subfield code="w">2019-09-20</subfield>
    <subfield code="y">BK</subfield>
  </datafield>
  <datafield tag="952" ind1=" " ind2=" ">
    <subfield code="0">0</subfield>
    <subfield code="1">0</subfield>
    <subfield code="2">ddc</subfield>
    <subfield code="4">0</subfield>
    <subfield code="7">0</subfield>
    <subfield code="a">NIT</subfield>
    <subfield code="b">NIT</subfield>
    <subfield code="d">2019-09-20</subfield>
    <subfield code="l">1</subfield>
    <subfield code="o">515 KRE</subfield>
    <subfield code="p">NIT-BB1188</subfield>
    <subfield code="r">2021-09-20</subfield>
    <subfield code="s">2021-03-09</subfield>
    <subfield code="w">2019-09-20</subfield>
    <subfield code="y">BK</subfield>
  </datafield>
  <datafield tag="952" ind1=" " ind2=" ">
    <subfield code="0">0</subfield>
    <subfield code="1">0</subfield>
    <subfield code="2">ddc</subfield>
    <subfield code="4">0</subfield>
    <subfield code="7">0</subfield>
    <subfield code="a">NIT</subfield>
    <subfield code="b">NIT</subfield>
    <subfield code="d">2019-09-20</subfield>
    <subfield code="l">1</subfield>
    <subfield code="o">515 KRE</subfield>
    <subfield code="p">NIT-BB1189</subfield>
    <subfield code="q">2019-10-26</subfield>
    <subfield code="r">2019-09-26</subfield>
    <subfield code="s">2019-09-26</subfield>
    <subfield code="w">2019-09-20</subfield>
    <subfield code="y">BK</subfield>
  </datafield>
  <datafield tag="952" ind1=" " ind2=" ">
    <subfield code="0">0</subfield>
    <subfield code="1">0</subfield>
    <subfield code="2">ddc</subfield>
    <subfield code="4">0</subfield>
    <subfield code="7">0</subfield>
    <subfield code="a">NIT</subfield>
    <subfield code="b">NIT</subfield>
    <subfield code="d">2019-09-20</subfield>
    <subfield code="l">2</subfield>
    <subfield code="o">515 KRE</subfield>
    <subfield code="p">NIT-BB1190</subfield>
    <subfield code="r">2022-07-26</subfield>
    <subfield code="s">2022-04-05</subfield>
    <subfield code="w">2019-09-20</subfield>
    <subfield code="y">BK</subfield>
  </datafield>
  <datafield tag="952" ind1=" " ind2=" ">
    <subfield code="0">0</subfield>
    <subfield code="1">0</subfield>
    <subfield code="2">ddc</subfield>
    <subfield code="4">0</subfield>
    <subfield code="7">0</subfield>
    <subfield code="a">NIT</subfield>
    <subfield code="b">NIT</subfield>
    <subfield code="d">2019-09-20</subfield>
    <subfield code="l">0</subfield>
    <subfield code="o">515 KRE</subfield>
    <subfield code="p">NIT-BB1191</subfield>
    <subfield code="r">2019-09-20</subfield>
    <subfield code="w">2019-09-20</subfield>
    <subfield code="y">BK</subfield>
  </datafield>
  <datafield tag="952" ind1=" " ind2=" ">
    <subfield code="0">0</subfield>
    <subfield code="1">0</subfield>
    <subfield code="2">ddc</subfield>
    <subfield code="4">0</subfield>
    <subfield code="7">0</subfield>
    <subfield code="a">NIT</subfield>
    <subfield code="b">NIT</subfield>
    <subfield code="d">2019-09-20</subfield>
    <subfield code="l">2</subfield>
    <subfield code="m">1</subfield>
    <subfield code="o">515 KRE</subfield>
    <subfield code="p">NIT-BB1192</subfield>
    <subfield code="r">2024-06-03</subfield>
    <subfield code="s">2024-02-01</subfield>
    <subfield code="w">2019-09-20</subfield>
    <subfield code="y">BK</subfield>
  </datafield>
  <datafield tag="952" ind1=" " ind2=" ">
    <subfield code="0">0</subfield>
    <subfield code="1">0</subfield>
    <subfield code="2">ddc</subfield>
    <subfield code="4">0</subfield>
    <subfield code="7">0</subfield>
    <subfield code="a">NIT</subfield>
    <subfield code="b">NIT</subfield>
    <subfield code="d">2019-09-20</subfield>
    <subfield code="l">3</subfield>
    <subfield code="m">1</subfield>
    <subfield code="o">515 KRE</subfield>
    <subfield code="p">NIT-BB1193</subfield>
    <subfield code="r">2024-06-03</subfield>
    <subfield code="s">2024-01-31</subfield>
    <subfield code="w">2019-09-20</subfield>
    <subfield code="y">BK</subfield>
  </datafield>
  <datafield tag="952" ind1=" " ind2=" ">
    <subfield code="0">0</subfield>
    <subfield code="1">0</subfield>
    <subfield code="2">ddc</subfield>
    <subfield code="4">0</subfield>
    <subfield code="7">0</subfield>
    <subfield code="a">NIT</subfield>
    <subfield code="b">NIT</subfield>
    <subfield code="d">2019-09-20</subfield>
    <subfield code="l">0</subfield>
    <subfield code="o">515 KRE</subfield>
    <subfield code="p">NIT-BB1194</subfield>
    <subfield code="r">2019-09-20</subfield>
    <subfield code="w">2019-09-20</subfield>
    <subfield code="y">BK</subfield>
  </datafield>
  <datafield tag="952" ind1=" " ind2=" ">
    <subfield code="0">0</subfield>
    <subfield code="1">0</subfield>
    <subfield code="2">ddc</subfield>
    <subfield code="4">0</subfield>
    <subfield code="7">0</subfield>
    <subfield code="a">NIT</subfield>
    <subfield code="b">NIT</subfield>
    <subfield code="d">2019-09-20</subfield>
    <subfield code="l">1</subfield>
    <subfield code="o">515 KRE</subfield>
    <subfield code="p">NIT-BB1195</subfield>
    <subfield code="r">2026-05-07</subfield>
    <subfield code="s">2026-01-26</subfield>
    <subfield code="w">2019-09-20</subfield>
    <subfield code="y">BK</subfield>
  </datafield>
  <datafield tag="952" ind1=" " ind2=" ">
    <subfield code="0">0</subfield>
    <subfield code="1">0</subfield>
    <subfield code="2">ddc</subfield>
    <subfield code="4">0</subfield>
    <subfield code="7">0</subfield>
    <subfield code="a">NIT</subfield>
    <subfield code="b">NIT</subfield>
    <subfield code="d">2019-09-20</subfield>
    <subfield code="l">1</subfield>
    <subfield code="o">515 KRE</subfield>
    <subfield code="p">NIT-BB1196</subfield>
    <subfield code="r">2021-06-28</subfield>
    <subfield code="s">2021-03-04</subfield>
    <subfield code="w">2019-09-20</subfield>
    <subfield code="y">BK</subfield>
  </datafield>
  <datafield tag="952" ind1=" " ind2=" ">
    <subfield code="0">0</subfield>
    <subfield code="1">0</subfield>
    <subfield code="2">ddc</subfield>
    <subfield code="4">0</subfield>
    <subfield code="7">0</subfield>
    <subfield code="a">NIT</subfield>
    <subfield code="b">NIT</subfield>
    <subfield code="d">2019-09-20</subfield>
    <subfield code="l">0</subfield>
    <subfield code="o">515 KRE</subfield>
    <subfield code="p">NIT-BB1197</subfield>
    <subfield code="r">2019-09-20</subfield>
    <subfield code="w">2019-09-20</subfield>
    <subfield code="y">BK</subfield>
  </datafield>
  <datafield tag="952" ind1=" " ind2=" ">
    <subfield code="0">0</subfield>
    <subfield code="1">0</subfield>
    <subfield code="2">ddc</subfield>
    <subfield code="4">0</subfield>
    <subfield code="7">0</subfield>
    <subfield code="a">NIT</subfield>
    <subfield code="b">NIT</subfield>
    <subfield code="d">2019-09-20</subfield>
    <subfield code="l">1</subfield>
    <subfield code="m">1</subfield>
    <subfield code="o">515 KRE</subfield>
    <subfield code="p">NIT-BB1198</subfield>
    <subfield code="r">2021-02-12</subfield>
    <subfield code="s">2019-09-27</subfield>
    <subfield code="w">2019-09-20</subfield>
    <subfield code="y">BK</subfield>
  </datafield>
  <datafield tag="952" ind1=" " ind2=" ">
    <subfield code="0">0</subfield>
    <subfield code="1">0</subfield>
    <subfield code="2">ddc</subfield>
    <subfield code="4">0</subfield>
    <subfield code="7">0</subfield>
    <subfield code="a">NIT</subfield>
    <subfield code="b">NIT</subfield>
    <subfield code="d">2019-09-20</subfield>
    <subfield code="l">2</subfield>
    <subfield code="m">3</subfield>
    <subfield code="o">515 KRE</subfield>
    <subfield code="p">NIT-BB1199</subfield>
    <subfield code="r">2023-09-28</subfield>
    <subfield code="s">2020-01-31</subfield>
    <subfield code="w">2019-09-20</subfield>
    <subfield code="y">BK</subfield>
  </datafield>
  <datafield tag="952" ind1=" " ind2=" ">
    <subfield code="0">0</subfield>
    <subfield code="1">0</subfield>
    <subfield code="2">ddc</subfield>
    <subfield code="4">0</subfield>
    <subfield code="7">0</subfield>
    <subfield code="a">NIT</subfield>
    <subfield code="b">NIT</subfield>
    <subfield code="d">2019-09-20</subfield>
    <subfield code="l">2</subfield>
    <subfield code="o">515 KRE</subfield>
    <subfield code="p">NIT-BB1200</subfield>
    <subfield code="r">2021-06-30</subfield>
    <subfield code="s">2021-03-02</subfield>
    <subfield code="w">2019-09-20</subfield>
    <subfield code="y">BK</subfield>
  </datafield>
  <datafield tag="952" ind1=" " ind2=" ">
    <subfield code="0">0</subfield>
    <subfield code="1">0</subfield>
    <subfield code="2">ddc</subfield>
    <subfield code="4">0</subfield>
    <subfield code="7">0</subfield>
    <subfield code="a">NIT</subfield>
    <subfield code="b">NIT</subfield>
    <subfield code="d">2019-09-20</subfield>
    <subfield code="l">0</subfield>
    <subfield code="o">515 KRE</subfield>
    <subfield code="p">NIT-BB1201</subfield>
    <subfield code="r">2019-09-20</subfield>
    <subfield code="w">2019-09-20</subfield>
    <subfield code="y">BK</subfield>
  </datafield>
  <datafield tag="952" ind1=" " ind2=" ">
    <subfield code="0">0</subfield>
    <subfield code="1">0</subfield>
    <subfield code="2">ddc</subfield>
    <subfield code="4">0</subfield>
    <subfield code="7">0</subfield>
    <subfield code="a">NIT</subfield>
    <subfield code="b">NIT</subfield>
    <subfield code="d">2019-09-20</subfield>
    <subfield code="l">1</subfield>
    <subfield code="o">515 KRE</subfield>
    <subfield code="p">NIT-BB1202</subfield>
    <subfield code="r">2024-05-31</subfield>
    <subfield code="s">2024-02-01</subfield>
    <subfield code="w">2019-09-20</subfield>
    <subfield code="y">BK</subfield>
  </datafield>
  <datafield tag="952" ind1=" " ind2=" ">
    <subfield code="0">0</subfield>
    <subfield code="1">0</subfield>
    <subfield code="2">ddc</subfield>
    <subfield code="4">0</subfield>
    <subfield code="7">0</subfield>
    <subfield code="a">NIT</subfield>
    <subfield code="b">NIT</subfield>
    <subfield code="d">2019-09-20</subfield>
    <subfield code="l">1</subfield>
    <subfield code="o">515 KRE</subfield>
    <subfield code="p">NIT-BB1203</subfield>
    <subfield code="r">2021-12-02</subfield>
    <subfield code="s">2019-09-27</subfield>
    <subfield code="w">2019-09-20</subfield>
    <subfield code="y">BK</subfield>
  </datafield>
  <datafield tag="952" ind1=" " ind2=" ">
    <subfield code="0">0</subfield>
    <subfield code="1">0</subfield>
    <subfield code="2">ddc</subfield>
    <subfield code="4">0</subfield>
    <subfield code="7">0</subfield>
    <subfield code="a">NIT</subfield>
    <subfield code="b">NIT</subfield>
    <subfield code="d">2019-09-20</subfield>
    <subfield code="l">2</subfield>
    <subfield code="m">5</subfield>
    <subfield code="o">515 KRE</subfield>
    <subfield code="p">NIT-BB1204</subfield>
    <subfield code="r">2022-06-13</subfield>
    <subfield code="s">2021-10-29</subfield>
    <subfield code="w">2019-09-20</subfield>
    <subfield code="y">BK</subfield>
  </datafield>
  <datafield tag="952" ind1=" " ind2=" ">
    <subfield code="0">0</subfield>
    <subfield code="1">0</subfield>
    <subfield code="2">ddc</subfield>
    <subfield code="4">0</subfield>
    <subfield code="7">0</subfield>
    <subfield code="a">NIT</subfield>
    <subfield code="b">NIT</subfield>
    <subfield code="d">2019-09-20</subfield>
    <subfield code="l">2</subfield>
    <subfield code="o">515 KRE</subfield>
    <subfield code="p">NIT-BB1205</subfield>
    <subfield code="r">2021-07-02</subfield>
    <subfield code="s">2021-03-09</subfield>
    <subfield code="w">2019-09-20</subfield>
    <subfield code="y">BK</subfield>
  </datafield>
  <datafield tag="952" ind1=" " ind2=" ">
    <subfield code="0">0</subfield>
    <subfield code="1">0</subfield>
    <subfield code="2">ddc</subfield>
    <subfield code="4">0</subfield>
    <subfield code="7">0</subfield>
    <subfield code="a">NIT</subfield>
    <subfield code="b">NIT</subfield>
    <subfield code="d">2019-09-20</subfield>
    <subfield code="l">4</subfield>
    <subfield code="o">515 KRE</subfield>
    <subfield code="p">NIT-BB1206</subfield>
    <subfield code="r">2024-01-15</subfield>
    <subfield code="s">2023-02-02</subfield>
    <subfield code="w">2019-09-20</subfield>
    <subfield code="y">BK</subfield>
  </datafield>
  <datafield tag="952" ind1=" " ind2=" ">
    <subfield code="0">0</subfield>
    <subfield code="1">0</subfield>
    <subfield code="2">ddc</subfield>
    <subfield code="4">0</subfield>
    <subfield code="7">0</subfield>
    <subfield code="a">NIT</subfield>
    <subfield code="b">NIT</subfield>
    <subfield code="d">2019-09-20</subfield>
    <subfield code="l">2</subfield>
    <subfield code="m">1</subfield>
    <subfield code="o">515 KRE</subfield>
    <subfield code="p">NIT-BB1207</subfield>
    <subfield code="q">2026-02-18</subfield>
    <subfield code="r">2026-01-19</subfield>
    <subfield code="s">2026-01-19</subfield>
    <subfield code="w">2019-09-20</subfield>
    <subfield code="y">BK</subfield>
  </datafield>
  <datafield tag="952" ind1=" " ind2=" ">
    <subfield code="0">0</subfield>
    <subfield code="1">0</subfield>
    <subfield code="2">ddc</subfield>
    <subfield code="4">0</subfield>
    <subfield code="7">0</subfield>
    <subfield code="a">NIT</subfield>
    <subfield code="b">NIT</subfield>
    <subfield code="d">2019-09-20</subfield>
    <subfield code="l">3</subfield>
    <subfield code="o">515 KRE</subfield>
    <subfield code="p">NIT-BB1208</subfield>
    <subfield code="r">2022-08-01</subfield>
    <subfield code="s">2022-04-08</subfield>
    <subfield code="w">2019-09-20</subfield>
    <subfield code="y">BK</subfield>
  </datafield>
  <datafield tag="952" ind1=" " ind2=" ">
    <subfield code="0">0</subfield>
    <subfield code="1">0</subfield>
    <subfield code="2">ddc</subfield>
    <subfield code="4">0</subfield>
    <subfield code="7">0</subfield>
    <subfield code="a">NIT</subfield>
    <subfield code="b">NIT</subfield>
    <subfield code="d">2019-09-20</subfield>
    <subfield code="l">2</subfield>
    <subfield code="o">515 KRE</subfield>
    <subfield code="p">NIT-BB1209</subfield>
    <subfield code="r">2023-06-02</subfield>
    <subfield code="s">2020-02-25</subfield>
    <subfield code="w">2019-09-20</subfield>
    <subfield code="y">BK</subfield>
  </datafield>
  <datafield tag="952" ind1=" " ind2=" ">
    <subfield code="0">0</subfield>
    <subfield code="1">0</subfield>
    <subfield code="2">ddc</subfield>
    <subfield code="4">0</subfield>
    <subfield code="7">0</subfield>
    <subfield code="a">NIT</subfield>
    <subfield code="b">NIT</subfield>
    <subfield code="d">2019-09-20</subfield>
    <subfield code="l">1</subfield>
    <subfield code="o">515 KRE</subfield>
    <subfield code="p">NIT-BB1210</subfield>
    <subfield code="r">2020-10-19</subfield>
    <subfield code="s">2020-01-23</subfield>
    <subfield code="w">2019-09-20</subfield>
    <subfield code="y">BK</subfield>
  </datafield>
  <datafield tag="952" ind1=" " ind2=" ">
    <subfield code="0">0</subfield>
    <subfield code="1">0</subfield>
    <subfield code="2">ddc</subfield>
    <subfield code="4">0</subfield>
    <subfield code="7">0</subfield>
    <subfield code="a">NIT</subfield>
    <subfield code="b">NIT</subfield>
    <subfield code="d">2019-09-20</subfield>
    <subfield code="l">2</subfield>
    <subfield code="m">3</subfield>
    <subfield code="o">515 KRE</subfield>
    <subfield code="p">NIT-BB1211</subfield>
    <subfield code="r">2023-06-06</subfield>
    <subfield code="s">2023-02-13</subfield>
    <subfield code="w">2019-09-20</subfield>
    <subfield code="y">BK</subfield>
  </datafield>
  <datafield tag="952" ind1=" " ind2=" ">
    <subfield code="0">0</subfield>
    <subfield code="1">0</subfield>
    <subfield code="2">ddc</subfield>
    <subfield code="4">0</subfield>
    <subfield code="7">0</subfield>
    <subfield code="a">NIT</subfield>
    <subfield code="b">NIT</subfield>
    <subfield code="d">2019-09-20</subfield>
    <subfield code="l">1</subfield>
    <subfield code="o">515 KRE</subfield>
    <subfield code="p">NIT-BB1212</subfield>
    <subfield code="r">2020-10-19</subfield>
    <subfield code="s">2020-01-28</subfield>
    <subfield code="w">2019-09-20</subfield>
    <subfield code="y">BK</subfield>
  </datafield>
  <datafield tag="952" ind1=" " ind2=" ">
    <subfield code="0">0</subfield>
    <subfield code="1">0</subfield>
    <subfield code="2">ddc</subfield>
    <subfield code="4">0</subfield>
    <subfield code="7">0</subfield>
    <subfield code="a">NIT</subfield>
    <subfield code="b">NIT</subfield>
    <subfield code="d">2019-09-20</subfield>
    <subfield code="l">1</subfield>
    <subfield code="o">515 KRE</subfield>
    <subfield code="p">NIT-BB1213</subfield>
    <subfield code="r">2020-10-16</subfield>
    <subfield code="s">2020-01-23</subfield>
    <subfield code="w">2019-09-20</subfield>
    <subfield code="y">BK</subfield>
  </datafield>
  <datafield tag="952" ind1=" " ind2=" ">
    <subfield code="0">0</subfield>
    <subfield code="1">0</subfield>
    <subfield code="2">ddc</subfield>
    <subfield code="4">0</subfield>
    <subfield code="7">0</subfield>
    <subfield code="a">NIT</subfield>
    <subfield code="b">NIT</subfield>
    <subfield code="d">2019-09-20</subfield>
    <subfield code="l">1</subfield>
    <subfield code="m">2</subfield>
    <subfield code="o">515 KRE</subfield>
    <subfield code="p">NIT-BB1214</subfield>
    <subfield code="r">2021-07-02</subfield>
    <subfield code="s">2021-03-04</subfield>
    <subfield code="w">2019-09-20</subfield>
    <subfield code="y">BK</subfield>
  </datafield>
  <datafield tag="952" ind1=" " ind2=" ">
    <subfield code="0">0</subfield>
    <subfield code="1">0</subfield>
    <subfield code="2">ddc</subfield>
    <subfield code="4">0</subfield>
    <subfield code="7">0</subfield>
    <subfield code="a">NIT</subfield>
    <subfield code="b">NIT</subfield>
    <subfield code="d">2019-09-20</subfield>
    <subfield code="l">0</subfield>
    <subfield code="o">515 KRE</subfield>
    <subfield code="p">NIT-BB1215</subfield>
    <subfield code="r">2020-10-22</subfield>
    <subfield code="w">2019-09-20</subfield>
    <subfield code="y">BK</subfield>
  </datafield>
  <datafield tag="952" ind1=" " ind2=" ">
    <subfield code="0">0</subfield>
    <subfield code="1">0</subfield>
    <subfield code="2">ddc</subfield>
    <subfield code="4">0</subfield>
    <subfield code="7">0</subfield>
    <subfield code="a">NIT</subfield>
    <subfield code="b">NIT</subfield>
    <subfield code="d">2019-09-20</subfield>
    <subfield code="l">5</subfield>
    <subfield code="m">2</subfield>
    <subfield code="o">515 KRE</subfield>
    <subfield code="p">NIT-BB1216</subfield>
    <subfield code="r">2024-05-28</subfield>
    <subfield code="s">2024-01-31</subfield>
    <subfield code="w">2019-09-20</subfield>
    <subfield code="y">BK</subfield>
  </datafield>
  <datafield tag="952" ind1=" " ind2=" ">
    <subfield code="0">0</subfield>
    <subfield code="1">0</subfield>
    <subfield code="2">ddc</subfield>
    <subfield code="4">0</subfield>
    <subfield code="7">0</subfield>
    <subfield code="a">NIT</subfield>
    <subfield code="b">NIT</subfield>
    <subfield code="d">2019-09-20</subfield>
    <subfield code="l">0</subfield>
    <subfield code="o">515 KRE</subfield>
    <subfield code="p">NIT-BB1217</subfield>
    <subfield code="r">2019-09-20</subfield>
    <subfield code="w">2019-09-20</subfield>
    <subfield code="y">BK</subfield>
  </datafield>
  <datafield tag="952" ind1=" " ind2=" ">
    <subfield code="0">0</subfield>
    <subfield code="1">0</subfield>
    <subfield code="2">ddc</subfield>
    <subfield code="4">0</subfield>
    <subfield code="7">0</subfield>
    <subfield code="a">NIT</subfield>
    <subfield code="b">NIT</subfield>
    <subfield code="d">2019-09-20</subfield>
    <subfield code="l">0</subfield>
    <subfield code="o">515 KRE</subfield>
    <subfield code="p">NIT-BB1218</subfield>
    <subfield code="r">2019-09-20</subfield>
    <subfield code="w">2019-09-20</subfield>
    <subfield code="y">BK</subfield>
  </datafield>
  <datafield tag="952" ind1=" " ind2=" ">
    <subfield code="0">0</subfield>
    <subfield code="1">0</subfield>
    <subfield code="2">ddc</subfield>
    <subfield code="4">0</subfield>
    <subfield code="7">0</subfield>
    <subfield code="a">NIT</subfield>
    <subfield code="b">NIT</subfield>
    <subfield code="d">2019-09-20</subfield>
    <subfield code="l">3</subfield>
    <subfield code="m">3</subfield>
    <subfield code="o">515 KRE</subfield>
    <subfield code="p">NIT-BB1219</subfield>
    <subfield code="r">2022-07-22</subfield>
    <subfield code="s">2022-03-31</subfield>
    <subfield code="w">2019-09-20</subfield>
    <subfield code="y">BK</subfield>
  </datafield>
  <datafield tag="952" ind1=" " ind2=" ">
    <subfield code="0">0</subfield>
    <subfield code="1">0</subfield>
    <subfield code="2">ddc</subfield>
    <subfield code="4">0</subfield>
    <subfield code="7">0</subfield>
    <subfield code="a">NIT</subfield>
    <subfield code="b">NIT</subfield>
    <subfield code="d">2019-09-20</subfield>
    <subfield code="l">2</subfield>
    <subfield code="m">6</subfield>
    <subfield code="o">515 KRE</subfield>
    <subfield code="p">NIT-BB1220</subfield>
    <subfield code="r">2022-07-18</subfield>
    <subfield code="s">2022-04-04</subfield>
    <subfield code="w">2019-09-20</subfield>
    <subfield code="y">BK</subfield>
  </datafield>
  <datafield tag="952" ind1=" " ind2=" ">
    <subfield code="0">0</subfield>
    <subfield code="1">0</subfield>
    <subfield code="2">ddc</subfield>
    <subfield code="4">0</subfield>
    <subfield code="7">0</subfield>
    <subfield code="a">NIT</subfield>
    <subfield code="b">NIT</subfield>
    <subfield code="d">2019-09-20</subfield>
    <subfield code="l">3</subfield>
    <subfield code="o">515 KRE</subfield>
    <subfield code="p">NIT-BB1222</subfield>
    <subfield code="r">2023-05-29</subfield>
    <subfield code="s">2023-01-31</subfield>
    <subfield code="w">2019-09-20</subfield>
    <subfield code="y">BK</subfield>
  </datafield>
  <datafield tag="952" ind1=" " ind2=" ">
    <subfield code="0">0</subfield>
    <subfield code="1">0</subfield>
    <subfield code="2">ddc</subfield>
    <subfield code="4">0</subfield>
    <subfield code="7">0</subfield>
    <subfield code="a">NIT</subfield>
    <subfield code="b">NIT</subfield>
    <subfield code="d">2019-09-20</subfield>
    <subfield code="l">0</subfield>
    <subfield code="o">515 KRE</subfield>
    <subfield code="p">NIT-BB1223</subfield>
    <subfield code="r">2026-02-26</subfield>
    <subfield code="w">2019-09-20</subfield>
    <subfield code="y">BK</subfield>
  </datafield>
  <datafield tag="952" ind1=" " ind2=" ">
    <subfield code="0">0</subfield>
    <subfield code="1">0</subfield>
    <subfield code="2">ddc</subfield>
    <subfield code="4">0</subfield>
    <subfield code="7">0</subfield>
    <subfield code="a">NIT</subfield>
    <subfield code="b">NIT</subfield>
    <subfield code="d">2019-09-20</subfield>
    <subfield code="l">3</subfield>
    <subfield code="m">1</subfield>
    <subfield code="o">515 KRE</subfield>
    <subfield code="p">NIT-BB1224</subfield>
    <subfield code="r">2021-07-02</subfield>
    <subfield code="s">2021-06-15</subfield>
    <subfield code="w">2019-09-20</subfield>
    <subfield code="y">BK</subfield>
  </datafield>
  <datafield tag="952" ind1=" " ind2=" ">
    <subfield code="0">0</subfield>
    <subfield code="1">0</subfield>
    <subfield code="2">ddc</subfield>
    <subfield code="4">0</subfield>
    <subfield code="7">0</subfield>
    <subfield code="a">NIT</subfield>
    <subfield code="b">NIT</subfield>
    <subfield code="d">2019-09-20</subfield>
    <subfield code="l">1</subfield>
    <subfield code="o">515 KRE</subfield>
    <subfield code="p">NIT-BB1225</subfield>
    <subfield code="r">2024-05-27</subfield>
    <subfield code="s">2024-05-08</subfield>
    <subfield code="w">2019-09-20</subfield>
    <subfield code="y">BK</subfield>
  </datafield>
  <datafield tag="952" ind1=" " ind2=" ">
    <subfield code="0">0</subfield>
    <subfield code="1">0</subfield>
    <subfield code="2">ddc</subfield>
    <subfield code="4">0</subfield>
    <subfield code="7">0</subfield>
    <subfield code="a">NIT</subfield>
    <subfield code="b">NIT</subfield>
    <subfield code="d">2019-09-20</subfield>
    <subfield code="l">1</subfield>
    <subfield code="o">515 KRE</subfield>
    <subfield code="p">NIT-BB1226</subfield>
    <subfield code="r">2024-05-31</subfield>
    <subfield code="s">2024-02-14</subfield>
    <subfield code="w">2019-09-20</subfield>
    <subfield code="y">BK</subfield>
  </datafield>
  <datafield tag="952" ind1=" " ind2=" ">
    <subfield code="0">0</subfield>
    <subfield code="1">0</subfield>
    <subfield code="2">ddc</subfield>
    <subfield code="4">0</subfield>
    <subfield code="7">0</subfield>
    <subfield code="a">NIT</subfield>
    <subfield code="b">NIT</subfield>
    <subfield code="d">2019-09-20</subfield>
    <subfield code="l">2</subfield>
    <subfield code="o">515 KRE</subfield>
    <subfield code="p">NIT-BB1227</subfield>
    <subfield code="r">2023-05-29</subfield>
    <subfield code="s">2023-01-31</subfield>
    <subfield code="w">2019-09-20</subfield>
    <subfield code="y">BK</subfield>
  </datafield>
  <datafield tag="952" ind1=" " ind2=" ">
    <subfield code="0">0</subfield>
    <subfield code="1">0</subfield>
    <subfield code="2">ddc</subfield>
    <subfield code="4">0</subfield>
    <subfield code="7">0</subfield>
    <subfield code="a">NIT</subfield>
    <subfield code="b">NIT</subfield>
    <subfield code="d">2019-09-20</subfield>
    <subfield code="l">1</subfield>
    <subfield code="m">1</subfield>
    <subfield code="o">515 KRE</subfield>
    <subfield code="p">NIT-BB1228</subfield>
    <subfield code="r">2024-05-29</subfield>
    <subfield code="s">2024-01-30</subfield>
    <subfield code="w">2019-09-20</subfield>
    <subfield code="y">BK</subfield>
  </datafield>
  <datafield tag="952" ind1=" " ind2=" ">
    <subfield code="0">0</subfield>
    <subfield code="1">0</subfield>
    <subfield code="2">ddc</subfield>
    <subfield code="4">0</subfield>
    <subfield code="7">0</subfield>
    <subfield code="a">NIT</subfield>
    <subfield code="b">NIT</subfield>
    <subfield code="d">2019-09-20</subfield>
    <subfield code="l">3</subfield>
    <subfield code="o">515 KRE</subfield>
    <subfield code="p">NIT-BB1229</subfield>
    <subfield code="r">2024-05-31</subfield>
    <subfield code="s">2024-01-31</subfield>
    <subfield code="w">2019-09-20</subfield>
    <subfield code="y">BK</subfield>
  </datafield>
  <datafield tag="952" ind1=" " ind2=" ">
    <subfield code="0">0</subfield>
    <subfield code="1">0</subfield>
    <subfield code="2">ddc</subfield>
    <subfield code="4">0</subfield>
    <subfield code="7">0</subfield>
    <subfield code="a">NIT</subfield>
    <subfield code="b">NIT</subfield>
    <subfield code="d">2019-09-20</subfield>
    <subfield code="l">4</subfield>
    <subfield code="m">1</subfield>
    <subfield code="o">515 KRE</subfield>
    <subfield code="p">NIT-BB1230</subfield>
    <subfield code="r">2024-06-03</subfield>
    <subfield code="s">2024-02-21</subfield>
    <subfield code="w">2019-09-20</subfield>
    <subfield code="y">BK</subfield>
  </datafield>
  <datafield tag="952" ind1=" " ind2=" ">
    <subfield code="0">0</subfield>
    <subfield code="1">0</subfield>
    <subfield code="2">ddc</subfield>
    <subfield code="4">0</subfield>
    <subfield code="7">0</subfield>
    <subfield code="a">NIT</subfield>
    <subfield code="b">NIT</subfield>
    <subfield code="d">2019-09-20</subfield>
    <subfield code="l">1</subfield>
    <subfield code="o">515 KRE</subfield>
    <subfield code="p">NIT-BB1231</subfield>
    <subfield code="r">2021-07-02</subfield>
    <subfield code="s">2021-03-04</subfield>
    <subfield code="w">2019-09-20</subfield>
    <subfield code="y">BK</subfield>
  </datafield>
  <datafield tag="952" ind1=" " ind2=" ">
    <subfield code="0">0</subfield>
    <subfield code="1">0</subfield>
    <subfield code="2">ddc</subfield>
    <subfield code="4">0</subfield>
    <subfield code="7">0</subfield>
    <subfield code="a">NIT</subfield>
    <subfield code="b">NIT</subfield>
    <subfield code="d">2019-09-20</subfield>
    <subfield code="l">0</subfield>
    <subfield code="o">515 KRE</subfield>
    <subfield code="p">NIT-BB1232</subfield>
    <subfield code="r">2019-09-20</subfield>
    <subfield code="w">2019-09-20</subfield>
    <subfield code="y">BK</subfield>
  </datafield>
  <datafield tag="952" ind1=" " ind2=" ">
    <subfield code="0">0</subfield>
    <subfield code="1">0</subfield>
    <subfield code="2">ddc</subfield>
    <subfield code="4">0</subfield>
    <subfield code="7">0</subfield>
    <subfield code="a">NIT</subfield>
    <subfield code="b">NIT</subfield>
    <subfield code="d">2019-09-20</subfield>
    <subfield code="l">4</subfield>
    <subfield code="o">515 KRE</subfield>
    <subfield code="p">NIT-BB1233</subfield>
    <subfield code="q">2023-10-12</subfield>
    <subfield code="r">2023-06-14</subfield>
    <subfield code="s">2023-06-14</subfield>
    <subfield code="w">2019-09-20</subfield>
    <subfield code="y">BK</subfield>
  </datafield>
  <datafield tag="952" ind1=" " ind2=" ">
    <subfield code="0">0</subfield>
    <subfield code="1">0</subfield>
    <subfield code="2">ddc</subfield>
    <subfield code="4">0</subfield>
    <subfield code="7">0</subfield>
    <subfield code="a">NIT</subfield>
    <subfield code="b">NIT</subfield>
    <subfield code="d">2019-09-20</subfield>
    <subfield code="l">0</subfield>
    <subfield code="o">515 KRE</subfield>
    <subfield code="p">NIT-BB1234</subfield>
    <subfield code="r">2019-09-20</subfield>
    <subfield code="w">2019-09-20</subfield>
    <subfield code="y">BK</subfield>
  </datafield>
  <datafield tag="952" ind1=" " ind2=" ">
    <subfield code="0">0</subfield>
    <subfield code="1">0</subfield>
    <subfield code="2">ddc</subfield>
    <subfield code="4">0</subfield>
    <subfield code="7">0</subfield>
    <subfield code="a">NIT</subfield>
    <subfield code="b">NIT</subfield>
    <subfield code="d">2019-09-20</subfield>
    <subfield code="l">1</subfield>
    <subfield code="o">515 KRE</subfield>
    <subfield code="p">NIT-BB1235</subfield>
    <subfield code="r">2021-09-23</subfield>
    <subfield code="s">2021-03-09</subfield>
    <subfield code="w">2019-09-20</subfield>
    <subfield code="y">BK</subfield>
  </datafield>
  <datafield tag="952" ind1=" " ind2=" ">
    <subfield code="0">0</subfield>
    <subfield code="1">0</subfield>
    <subfield code="2">ddc</subfield>
    <subfield code="4">0</subfield>
    <subfield code="7">0</subfield>
    <subfield code="a">NIT</subfield>
    <subfield code="b">NIT</subfield>
    <subfield code="d">2019-09-20</subfield>
    <subfield code="l">3</subfield>
    <subfield code="o">515 KRE</subfield>
    <subfield code="p">NIT-BB1236</subfield>
    <subfield code="r">2024-05-27</subfield>
    <subfield code="s">2024-01-31</subfield>
    <subfield code="w">2019-09-20</subfield>
    <subfield code="y">BK</subfield>
  </datafield>
  <datafield tag="952" ind1=" " ind2=" ">
    <subfield code="0">0</subfield>
    <subfield code="1">0</subfield>
    <subfield code="2">ddc</subfield>
    <subfield code="4">0</subfield>
    <subfield code="7">0</subfield>
    <subfield code="a">NIT</subfield>
    <subfield code="b">NIT</subfield>
    <subfield code="d">2019-09-20</subfield>
    <subfield code="l">2</subfield>
    <subfield code="o">515 KRE</subfield>
    <subfield code="p">NIT-BB1237</subfield>
    <subfield code="r">2023-06-02</subfield>
    <subfield code="s">2021-03-04</subfield>
    <subfield code="w">2019-09-20</subfield>
    <subfield code="y">BK</subfield>
  </datafield>
  <datafield tag="952" ind1=" " ind2=" ">
    <subfield code="0">0</subfield>
    <subfield code="1">0</subfield>
    <subfield code="2">ddc</subfield>
    <subfield code="4">0</subfield>
    <subfield code="7">0</subfield>
    <subfield code="a">NIT</subfield>
    <subfield code="b">NIT</subfield>
    <subfield code="d">2019-09-20</subfield>
    <subfield code="l">2</subfield>
    <subfield code="o">515 KRE</subfield>
    <subfield code="p">NIT-BB1238</subfield>
    <subfield code="r">2024-04-02</subfield>
    <subfield code="s">2021-03-02</subfield>
    <subfield code="w">2019-09-20</subfield>
    <subfield code="y">BK</subfield>
  </datafield>
  <datafield tag="952" ind1=" " ind2=" ">
    <subfield code="0">0</subfield>
    <subfield code="1">0</subfield>
    <subfield code="2">ddc</subfield>
    <subfield code="4">0</subfield>
    <subfield code="7">0</subfield>
    <subfield code="a">NIT</subfield>
    <subfield code="b">NIT</subfield>
    <subfield code="d">2019-09-20</subfield>
    <subfield code="l">0</subfield>
    <subfield code="o">515 KRE</subfield>
    <subfield code="p">NIT-BB1239</subfield>
    <subfield code="r">2019-09-20</subfield>
    <subfield code="w">2019-09-20</subfield>
    <subfield code="y">BK</subfield>
  </datafield>
  <datafield tag="952" ind1=" " ind2=" ">
    <subfield code="0">0</subfield>
    <subfield code="1">0</subfield>
    <subfield code="2">ddc</subfield>
    <subfield code="4">0</subfield>
    <subfield code="7">0</subfield>
    <subfield code="a">NIT</subfield>
    <subfield code="b">NIT</subfield>
    <subfield code="d">2019-09-20</subfield>
    <subfield code="l">4</subfield>
    <subfield code="o">515 KRE</subfield>
    <subfield code="p">NIT-BB1240</subfield>
    <subfield code="r">2024-05-31</subfield>
    <subfield code="s">2024-05-03</subfield>
    <subfield code="w">2019-09-20</subfield>
    <subfield code="y">BK</subfield>
  </datafield>
</record>
